[Event "IECC CL5-2008.17 email"]
[Site "IECC email"]
[Date "2009.01.06"]
[Round "?"]
[White "Manis, Ronald"]
[Black "Iyer, Rajesh Narayan"]
[Result "0-1"]
[WhiteElo "1434"]
[BlackElo "1479"]
[PlyCount "49"]
[EventDate "2008.??.??"]
[EventType "tourn (corr)"]
[EventRounds "4"]
[SourceTitle "Corr 2011"]
[Source "ChessBase"]
[SourceDate "2010.08.31"]
[SourceVersion "1"]
[SourceVersionDate "2010.08.31"]
[SourceQuality "1"]
[WhiteTeam "US of America"]
[BlackTeam "US of America"]
[WhiteTeamCountry "USA"]
[BlackTeamCountry "USA"]

1. g3 d5 2. Bg2 c5 3. Nf3 Nf6 4. 0-0 e6 5. c4 Be7 6. cxd5 exd5 7. d4 Nbd7 8. Nc3 0-0 9. Bf4 a6 10. Rc1 b5 11. Nh4 Bb7 12. Nf5 c4 13. Bc7 Qxc7 14. Nxe7+ Kh8 15. Nexd5 Qc6 16. Bf3 Rab8 17. e4 Nxd5 18. Nxd5 Nf6 19. Nc3 b4 20. d5 Qe8 21. Nb1 Nxe4 22. Rxc4 f5 23. Rxb4 Qe5 24. Bxe4 fxe4 25. Nc3 0-1

[Event "IECC CL4-2008.09 email"]
[Site "IECC email"]
[Date "2008.09.28"]
[Round "?"]
[White "MacDonald, Weldon"]
[Black "Manis, Ronald"]
[Result "1-0"]
[WhiteElo "1720"]
[BlackElo "1396"]
[PlyCount "88"]
[EventDate "2008.??.??"]
[EventType "tourn (corr)"]
[EventRounds "4"]
[SourceTitle "Corr 2011"]
[Source "ChessBase"]
[SourceDate "2010.08.31"]
[SourceVersion "1"]
[SourceVersionDate "2010.08.31"]
[SourceQuality "1"]
[WhiteTeam "US of America"]
[BlackTeam "US of America"]
[WhiteTeamCountry "USA"]
[BlackTeamCountry "USA"]

1. e4 g6 2. d4 Bg7 3. Nc3 c6 4. Nf3 d6 5. h3 Nf6 6. a4 0-0 7. Be3 d5 8. exd5 Nxd5 9. Nxd5 cxd5 10. Bd3 Qb6 11. b3 Nc6 12. c3 e5 13. Nxe5 Nxe5 14. dxe5 Qc7 15. Bd4 Bxe5 16. 0-0 Bxd4 17. cxd4 Qf4 18. Be2 Be6 19. Bf3 Rfc8 20. Rc1 Rxc1 21. Qxc1 Qxd4 22. Rd1 Qb4 23. Qe3 Rd8 24. Rd4 Qd6 25. Qc3 Rc8 26. Qb2 Qe5 27. Qd2 a5 28. Rd3 Rc5 29. Qe3 Qxe3 30. fxe3 Kg7 31. Kh2 Kf6 32. Kg3 Ke5 33. Kh4 Bf5 34. Rd4 Bc2 35. b4 axb4 36. Rxb4 Rc4+ 37. Rxc4 dxc4 38. Kg3 Bxa4 39. Kf2 c3 40. Ke2 b5 41. Bc6 Kd6 42. Be8 f5 43. Kd3 Kc5 44. g3 Kb4 1-0

[Event "IECC KO-5062"]
[Site "IECC email"]
[Date "2008.08.23"]
[Round "?"]
[White "Manis, Ronald"]
[Black "Myers, Charlie"]
[Result "0-1"]
[WhiteElo "1551"]
[BlackElo "1882"]
[PlyCount "68"]
[EventDate "2007.??.??"]
[EventType "match (corr)"]
[EventRounds "2"]
[SourceTitle "Corr 2013"]
[Source "ChessBase"]
[SourceDate "2012.11.12"]
[SourceVersion "1"]
[SourceVersionDate "2012.11.12"]
[SourceQuality "1"]
[WhiteTeam "Hungary"]
[BlackTeam "South Africa"]
[WhiteTeamCountry "HUN"]
[BlackTeamCountry "RSA"]

1. g3 Nf6 2. Bg2 d5 3. d3 e5 4. c3 Nc6 5. b4 Bd6 6. Nd2 0-0 7. Ngf3 a5 8. b5 Ne7 9. 0-0 c6 10. c4 cxb5 11. cxb5 Be6 12. Bb2 Ng6 13. Ng5 Bd7 14. a4 Rc8 15. e4 Bb4 16. Rc1 Rxc1 17. Qxc1 Bg4 18. exd5 Nxd5 19. Ndf3 h6 20. Qc4 Bf5 21. Ne4 Nb6 22. Qb3 Be6 23. Qc2 Qc8 24. Qd1 f6 25. Qa1 Qc2 26. Nc3 Rc8 27. Rc1 Qxd3 28. Ne1 Qd7 29. Rd1 Qf7 30. h4 Bb3 31. Rd3 f5 32. h5 Nf8 33. g4 Ne6 34. gxf5 Nf4 0-1

[Event "IECC KO-2100"]
[Site "IECC email"]
[Date "2008.06.16"]
[Round "?"]
[White "Subasic, Emil"]
[Black "Manis, Ronald"]
[Result "1-0"]
[WhiteElo "1289"]
[BlackElo "1514"]
[PlyCount "57"]
[EventDate "2008.??.??"]
[EventType "match (corr)"]
[EventRounds "2"]
[SourceTitle "Corr 2013"]
[Source "ChessBase"]
[SourceDate "2012.11.12"]
[SourceVersion "1"]
[SourceVersionDate "2012.11.12"]
[SourceQuality "1"]
[WhiteTeam "Hungary"]
[BlackTeam "South Africa"]
[WhiteTeamCountry "HUN"]
[BlackTeamCountry "RSA"]

1. d4 g6 2. e4 Bg7 3. Nf3 d6 4. Nc3 c6 5. Bc4 Nf6 6. Bb3 b5 7. 0-0 b4 8. e5 dxe5 9. Nxe5 0-0 10. Na4 Qd6 11. Bf4 Nh5 12. Bg5 e6 13. Re1 a5 14. Nb6 Ra7 15. Nxc8 Rxc8 16. Nxf7 Rxf7 17. Rxe6 Qxd4 18. Re7 Qxf2+ 19. Kh1 Rcf8 20. Qf1 Qf5 21. g4 Qxg4 22. Rxf7 Qe4+ 23. Qf3 Qxf3+ 24. Rxf3+ Kh8 25. Rxf8+ Bxf8 26. Rd1 Na6 27. Rd8 Kg7 28. Rd7+ Kh8 29. Be3 1-0

[Event "IECC CL5-2008.08 email"]
[Site "IECC email"]
[Date "2008.06.15"]
[Round "?"]
[White "Manis, Ronald"]
[Black "Voom, Bart"]
[Result "1-0"]
[WhiteElo "1543"]
[BlackElo "1370"]
[PlyCount "29"]
[EventDate "2008.??.??"]
[EventType "tourn (corr)"]
[EventRounds "4"]
[SourceTitle "Corr 2013"]
[Source "ChessBase"]
[SourceDate "2012.11.12"]
[SourceVersion "1"]
[SourceVersionDate "2012.11.12"]
[SourceQuality "1"]
[WhiteTeam "US of America"]
[BlackTeam "Germany"]
[WhiteTeamCountry "USA"]
[BlackTeamCountry "GER"]

1. g3 e5 2. Bg2 d5 3. d3 Bc5 4. Nf3 Nc6 5. Nxe5 Bxf2+ 6. Kxf2 Nxe5 7. d4 Ng4+ 8. Ke1 c6 9. Nc3 h5 10. e4 h4 11. exd5 hxg3 12. dxc6 Rxh2 13. cxb7 Qe7+ 14. Qe2 Qxe2+ 15. Nxe2 1-0

[Event "IECC CL4-2008.04 email"]
[Site "IECC email"]
[Date "2008.05.18"]
[Round "?"]
[White "Manis, Ronald"]
[Black "Balmelle, Jean Luc"]
[Result "1-0"]
[WhiteElo "1482"]
[BlackElo "1578"]
[PlyCount "97"]
[EventDate "2008.??.??"]
[EventType "tourn (corr)"]
[EventRounds "4"]
[SourceTitle "Corr 2013"]
[Source "ChessBase"]
[SourceDate "2012.11.12"]
[SourceVersion "1"]
[SourceVersionDate "2012.11.12"]
[SourceQuality "1"]
[WhiteTeam "US of America"]
[BlackTeam "Canada"]
[WhiteTeamCountry "USA"]
[BlackTeamCountry "CAN"]

1. g3 d5 2. Bg2 c6 3. Nf3 Bg4 4. d4 Nd7 5. 0-0 e6 6. Nbd2 f5 7. c4 Bd6 8. h3 Bh5 9. c5 Be7 10. Nb3 Ngf6 11. Ng5 Nf8 12. Be3 h6 13. Nf3 N8d7 14. Qd3 0-0 15. Rad1 Ne4 16. Ne5 Nxe5 17. dxe5 Qc7 18. Bd4 b6 19. Bxe4 fxe4 20. Qc2 Bg6 21. f4 Bh7 22. e3 b5 23. g4 Rf7 24. Rd2 Raf8 25. Nc1 Bh4 26. Ne2 g5 27. Rdd1 Qe7 28. a4 a6 29. axb5 axb5 30. b4 gxf4 31. Nxf4 Bg3 32. Qd2 Qh4 33. Qg2 Bxf4 34. Rxf4 Rxf4 35. exf4 Rxf4 36. Rf1 Rxf1+ 37. Kxf1 Qg5 38. Qf2 Qe7 39. Qf6 Qxf6+ 40. exf6 Kf7 41. Kg2 Kg6 42. Kg3 Bg8 43. Kf4 Bf7 44. h4 Be8 45. Ke5 Kf7 46. h5 Bd7 47. Be3 Be8 48. Bxh6 d4 49. g5 1-0

[Event "IECC CL4-2008.04 email"]
[Site "IECC email"]
[Date "2008.05.18"]
[Round "?"]
[White "Schwenger, Kurt"]
[Black "Manis, Ronald"]
[Result "1/2-1/2"]
[WhiteElo "1673"]
[BlackElo "1506"]
[PlyCount "43"]
[EventDate "2008.??.??"]
[EventType "tourn (corr)"]
[EventRounds "4"]
[SourceTitle "Corr 2013"]
[Source "ChessBase"]
[SourceDate "2012.11.12"]
[SourceVersion "1"]
[SourceVersionDate "2012.11.12"]
[SourceQuality "1"]
[WhiteTeam "Canada"]
[BlackTeam "Poland"]
[WhiteTeamCountry "CAN"]
[BlackTeamCountry "POL"]

1. e4 g6 2. d4 Bg7 3. Nc3 c6 4. Nf3 d5 5. h3 dxe4 6. Nxe4 Nf6 7. Nxf6+ Bxf6 8. Bc4 b5 9. Bb3 0-0 10. Bh6 Bg7 11. Bxg7 Kxg7 12. c3 Na6 13. 0-0 Bb7 14. Qe2 e6 15. Rad1 Qd6 16. Rfe1 Rad8 17. Bc2 Nc7 18. Qe5+ Qxe5 19. Nxe5 g5 20. Be4 Nd5 21. g3 Rfe8 22. Bg2 1/2-1/2

[Event "IECC CL5-2008.06 email"]
[Site "IECC email"]
[Date "2008.04.29"]
[Round "?"]
[White "Manis, Ronald"]
[Black "Vio, Mauro"]
[Result "0-1"]
[WhiteElo "1536"]
[BlackElo "1556"]
[PlyCount "116"]
[EventDate "2008.??.??"]
[EventType "tourn (corr)"]
[EventRounds "4"]
[SourceTitle "Corr 2013"]
[Source "ChessBase"]
[SourceDate "2012.11.12"]
[SourceVersion "1"]
[SourceVersionDate "2012.11.12"]
[SourceQuality "1"]
[WhiteTeam "Ireland"]
[BlackTeam "Italy"]
[WhiteTeamCountry "IRL"]
[BlackTeamCountry "ITA"]

1. g3 e5 2. Bg2 Nf6 3. d3 d5 4. c3 Bd6 5. b4 a5 6. b5 0-0 7. Bg5 Be6 8. Nd2 h6 9. Bxf6 Qxf6 10. e4 c6 11. exd5 cxd5 12. Ne2 Qg6 13. c4 Qxd3 14. Nc1 Qc3 15. Ne2 Qb4 16. a3 Qc5 17. cxd5 Bxd5 18. Rc1 Bxg2 19. Rxc5 Bxc5 20. Rg1 Bd5 21. Nb3 Bxb3 22. Qxb3 a4 23. Qd3 Be7 24. Qf3 Ra5 25. Qxb7 Bxa3 26. Nc3 Bb4 27. Kd2 a3 28. Kc2 a2 29. Ra1 Ra3 30. Nxa2 Bc5 31. Qd5 Bxf2 32. Qxe5 Nd7 33. Qb2 Rc8+ 34. Kd1 Rd3+ 35. Ke2 Bd4 36. Qb4 Re3+ 37. Kd2 Re4 38. Re1 Be3+ 39. Rxe3 Rxb4 40. Nxb4 Rb8 41. Nc6 Rxb5 42. Re8+ Kh7 43. Re7 Nf6 44. Rxf7 Rb2+ 45. Kd3 Rxh2 46. Nd4 Rh3 47. Ne2 Rh1 48. Ke3 Ng4+ 49. Kd2 Rh2 50. Re7 Rf2 51. Kc3 Nh2 52. Kd3 Nf1 53. Kd4 Rf3 54. g4 Ng3 55. Kd5 Nxe2 56. Rxe2 Rf4 57. Rg2 Kg6 58. Ke5 Kg5 0-1

[Event "IECC CL5-2008.05 email"]
[Site "IECC email"]
[Date "2008.04.20"]
[Round "?"]
[White "Manis, Ronald"]
[Black "Jewell, Barry"]
[Result "1-0"]
[WhiteElo "1489"]
[BlackElo "1476"]
[PlyCount "97"]
[EventDate "2008.??.??"]
[EventType "tourn (corr)"]
[EventRounds "4"]
[SourceTitle "Corr 2013"]
[Source "ChessBase"]
[SourceDate "2012.11.12"]
[SourceVersion "1"]
[SourceVersionDate "2012.11.12"]
[SourceQuality "1"]
[WhiteTeam "Ireland"]
[BlackTeam "Italy"]
[WhiteTeamCountry "IRL"]
[BlackTeamCountry "ITA"]

1. g3 g6 2. Bg2 Bg7 3. f4 d6 4. e4 Nf6 5. Ne2 c5 6. 0-0 Nc6 7. Nbc3 0-0 8. f5 Ne5 9. d4 cxd4 10. Qxd4 Nfg4 11. Qb4 a5 12. Qb3 b5 13. Qd5 Qb6+ 14. Kh1 Ba6 15. Qd4 Qxd4 16. Nxd4 b4 17. Nce2 Bxe2 18. Nxe2 Rac8 19. c3 Nd3 20. Bg5 Nf6 21. fxg6 hxg6 22. cxb4 axb4 23. Rab1 Rc5 24. Nf4 Ne5 25. Bxf6 Bxf6 26. Nd5 Rxd5 27. exd5 Ra8 28. Rf4 Nd3 29. Rf3 Nxb2 30. Rxf6 exf6 31. Rxb2 b3 32. Rxb3 Rxa2 33. Rb8+ Kg7 34. h3 f5 35. Rb6 f4 36. gxf4 Rf2 37. Rxd6 Rxf4 38. Rb6 Rd4 39. d6 Rd1+ 40. Kh2 Rd2 41. Kg3 g5 42. Bf1 Ra2 43. Kg4 Ra8 44. Kxg5 Ra5+ 45. Bb5 Ra8 46. d7 Rd8 47. Rd6 Kg8 48. Kf6 Kf8 49. Rc6 1-0

[Event "IECC P-4432"]
[Site "IECC email"]
[Date "2008.04.17"]
[Round "?"]
[White "Manis, Ronald"]
[Black "Hassell, Graham S"]
[Result "1/2-1/2"]
[WhiteElo "1551"]
[BlackElo "1566"]
[PlyCount "113"]
[EventDate "2008.??.??"]
[EventType "match (corr)"]
[SourceTitle "Corr 2013"]
[Source "ChessBase"]
[SourceDate "2012.11.12"]
[SourceVersion "1"]
[SourceVersionDate "2012.11.12"]
[SourceQuality "1"]
[WhiteTeam "US of America"]
[BlackTeam "Australia"]
[WhiteTeamCountry "USA"]
[BlackTeamCountry "AUS"]

1. g3 g6 2. Bg2 Bg7 3. f4 c5 4. Nf3 Nc6 5. e4 d6 6. d3 Nf6 7. Nc3 0-0 8. h3 Rb8 9. g4 b5 10. Be3 b4 11. Ne2 Nd7 12. Qc1 a5 13. g5 a4 14. d4 Ba6 15. Qd2 Nb6 16. b3 Bxe2 17. Kxe2 c4 18. Rac1 d5 19. Ne5 Rc8 20. Nxc6 Rxc6 21. Qxb4 dxe4 22. Qb5 Rd6 23. bxc4 Bxd4 24. Bd2 Qc7 25. Bb4 Rc6 26. c3 Bg7 27. Ba5 Rb8 28. Rb1 Qc8 29. Rhd1 h6 30. Bxe4 Rxc4 31. Bf3 Qxh3 32. Bxb6 Qh2+ 33. Kf1 Rxc3 34. Bg2 Rc2 35. Qd5 Qxf4+ 36. Qf3 Qc4+ 37. Qd3 Qxd3+ 38. Rxd3 Rxa2 39. gxh6 Bxh6 40. Bd5 Rh2 41. Bc6 e5 42. Ra3 Rh4 43. Rb5 Rc8 44. Bd7 Rc2 45. Rb1 Bc1 46. Bxa4 Rh1+ 47. Bg1 Bxa3 48. Bxc2 Bc5 49. Kg2 Rxg1+ 50. Rxg1 Bxg1 51. Kxg1 f5 52. Kf2 Kg7 53. Kf3 Kf6 54. Ke3 g5 55. Bd3 e4 56. Bxe4 fxe4 57. Kxe4 1/2-1/2

[Event "IECC CL5-2008.03 email"]
[Site "IECC email"]
[Date "2008.03.09"]
[Round "?"]
[White "Manis, Ronald"]
[Black "Schenkel, Daniel"]
[Result "1-0"]
[WhiteElo "1531"]
[BlackElo "1544"]
[PlyCount "61"]
[EventDate "2008.??.??"]
[EventType "tourn (corr)"]
[EventRounds "4"]
[SourceTitle "Corr 2013"]
[Source "ChessBase"]
[SourceDate "2012.11.12"]
[SourceVersion "1"]
[SourceVersionDate "2012.11.12"]
[SourceQuality "1"]
[WhiteTeam "Ireland"]
[BlackTeam "Italy"]
[WhiteTeamCountry "IRL"]
[BlackTeamCountry "ITA"]

1. g3 f5 2. f4 Nf6 3. Nf3 b6 4. Bg2 Bb7 5. d3 e6 6. Nbd2 Bc5 7. Nb3 Qe7 8. Nxc5 Qxc5 9. e3 Ng4 10. d4 Qb4+ 11. c3 Qe7 12. Qe2 d6 13. Ne5 Bxg2 14. Qxg2 d5 15. Nxg4 fxg4 16. Qe2 h5 17. Bd2 Nd7 18. 0-0-0 Nf6 19. h3 Ne4 20. Be1 gxh3 21. Rxh3 g6 22. c4 0-0-0 23. Kb1 Kb7 24. Rh4 Nf6 25. c5 Ng4 26. Bb4 c6 27. Rc1 a5 28. Bd2 b5 29. Bxa5 Ra8 30. Bb4 Ra4 31. Qxb5+ 1-0

[Event "IECC KO-2098"]
[Site "IECC email"]
[Date "2008.02.18"]
[Round "?"]
[White "Jensen, Jeff"]
[Black "Manis, Ronald"]
[Result "0-1"]
[WhiteElo "1304"]
[BlackElo "1464"]
[PlyCount "64"]
[EventDate "2008.??.??"]
[EventType "match (corr)"]
[EventRounds "2"]
[SourceTitle "Corr 2013"]
[Source "ChessBase"]
[SourceDate "2012.11.12"]
[SourceVersion "1"]
[SourceVersionDate "2012.11.12"]
[SourceQuality "1"]
[WhiteTeam "Hungary"]
[BlackTeam "South Africa"]
[WhiteTeamCountry "HUN"]
[BlackTeamCountry "RSA"]

1. d4 g6 2. c4 Bg7 3. Nc3 d6 4. Nf3 f5 5. e4 Nc6 6. Be3 e5 7. exf5 Bxf5 8. a3 exd4 9. Nxd4 Nxd4 10. Bxd4 Bxd4 11. Qxd4 Qf6 12. Qe3+ Qe7 13. Qxe7+ Nxe7 14. Be2 0-0-0 15. 0-0 d5 16. cxd5 Nxd5 17. Nxd5 Rxd5 18. Rfd1 Rhd8 19. g4 Be4 20. f3 Rd2 21. Rxd2 Rxd2 22. Bd1 Bd5 23. b4 g5 24. Rc1 Rd3 25. a4 Bxf3 26. Bxf3 Rxf3 27. Rc4 Kd7 28. Kg2 Ra3 29. b5 Kd6 30. Re4 a6 31. bxa6 bxa6 32. Kf2 h6 0-1

[Event "IECC CL5-2007.19 email"]
[Site "IECC email"]
[Date "2008.01.02"]
[Round "?"]
[White "Manis, Ronald"]
[Black "Finkbeiner, Kirk"]
[Result "1-0"]
[WhiteElo "1461"]
[BlackElo "1498"]
[PlyCount "57"]
[EventDate "2007.??.??"]
[EventType "tourn (corr)"]
[EventRounds "4"]
[SourceTitle "Corr 2013"]
[Source "ChessBase"]
[SourceDate "2012.11.12"]
[SourceVersion "1"]
[SourceVersionDate "2012.11.12"]
[SourceQuality "1"]
[WhiteTeam "Ireland"]
[BlackTeam "Italy"]
[WhiteTeamCountry "IRL"]
[BlackTeamCountry "ITA"]

1. g3 e5 2. Bg2 Nf6 3. d3 d5 4. c3 Nc6 5. b4 a6 6. Nf3 Be7 7. 0-0 0-0 8. Nbd2 b5 9. Nb3 Bb7 10. Qc2 Rb8 11. e4 dxe4 12. dxe4 Qd7 13. Rd1 Qg4 14. Nh4 Rbd8 15. Be3 Rxd1+ 16. Rxd1 Nxe4 17. Bxe4 Bxh4 18. f3 Qh5 19. g4 Bf2+ 20. Bxf2 Qg5 21. Nc5 Ba8 22. Nxa6 Ne7 23. Nxc7 Bxe4 24. Qxe4 f5 25. Qxe5 Ng6 26. Qd5+ Rf7 27. Re1 h6 28. Re8+ Nf8 29. Rxf8+ 1-0

[Event "IECC CL4-2007.14 email"]
[Site "IECC email"]
[Date "2007.12.16"]
[Round "?"]
[White "Lixa, Alberto JP"]
[Black "Manis, Ronald"]
[Result "1-0"]
[WhiteElo "1629"]
[BlackElo "1495"]
[PlyCount "85"]
[EventDate "2007.??.??"]
[EventType "tourn (corr)"]
[EventRounds "4"]
[SourceTitle "Corr 2015"]
[Source "ChessBase"]
[SourceDate "2015.07.17"]
[SourceVersion "1"]
[SourceVersionDate "2015.07.17"]
[SourceQuality "1"]
[WhiteTeam "Portugal"]
[BlackTeam "US of America"]
[WhiteTeamCountry "POR"]
[BlackTeamCountry "USA"]

1. e4 g6 2. d4 Bg7 3. c4 d6 4. Nc3 Nd7 5. Nf3 e5 6. Be2 c6 7. 0-0 Qc7 8. Be3 Ngf6 9. dxe5 dxe5 10. Qd2 0-0 11. Rfd1 Re8 12. h3 Bf8 13. Qc2 Bc5 14. Bg5 Bb4 15. Rab1 Bxc3 16. bxc3 c5 17. Nd2 Qc6 18. Bf3 Kg7 19. Nf1 h6 20. Bh4 Nb6 21. Ne3 Be6 22. Qd3 Rad8 23. Nd5 g5 24. Bg3 Bc8 25. Bxe5 Rxe5 26. Re1 h5 27. Re3 g4 28. hxg4 hxg4 29. Bd1 Rde8 30. f3 Nfxd5 31. cxd5 Qh6 32. fxg4 Rxd5 33. Qe2 Rde5 34. Bb3 c4 35. Bc2 Ra5 36. Qf2 Rxa2 37. Rf1 Be6 38. Rf3 Rd8 39. Rh3 Qg6 40. Qh4 Rg8 41. Rf5 Bxf5 42. gxf5 Rh8 43. Qxh8# 1-0

[Event "IECC CL6-2007.14 email"]
[Site "IECC email"]
[Date "2007.10.31"]
[Round "?"]
[White "Kis Kos, Laszlo"]
[Black "Manis, Ronald"]
[Result "1-0"]
[WhiteElo "1348"]
[BlackElo "1364"]
[PlyCount "59"]
[EventDate "2007.??.??"]
[EventType "tourn (corr)"]
[EventRounds "4"]
[SourceTitle "Corr 2011"]
[Source "ChessBase"]
[SourceDate "2010.08.31"]
[SourceVersion "1"]
[SourceVersionDate "2010.08.31"]
[SourceQuality "1"]
[WhiteTeam "Italy"]
[BlackTeam "Chile"]
[WhiteTeamCountry "ITA"]
[BlackTeamCountry "CHI"]

1. e4 g6 2. d4 Bg7 3. Nc3 c6 4. Nf3 d6 5. Be2 Bg4 6. 0-0 Nd7 7. Be3 Qc7 8. Bc4 e6 9. h3 Bxf3 10. Qxf3 Ne7 11. Bb3 0-0 12. Rad1 b5 13. Bf4 Rad8 14. a3 a5 15. Bg5 Nb6 16. Rfe1 a4 17. Ba2 h6 18. Bxe7 Qxe7 19. d5 Qd7 20. dxe6 fxe6 21. Qg4 Kf7 22. e5 d5 23. Ne4 Bxe5 24. Nc5 Qe7 25. Rxe5 Qxc5 26. Rxe6 Qxc2 27. Rde1 Qf5 28. Qe2 Nc8 29. Bb1 Qf4 30. g3 1-0

[Event "IECC CL6-2007.10 email"]
[Site "IECC email"]
[Date "2007.08.24"]
[Round "?"]
[White "Alessandrini, Alfredo"]
[Black "Manis, Ronald"]
[Result "0-1"]
[WhiteElo "1208"]
[BlackElo "1325"]
[PlyCount "40"]
[EventDate "2007.??.??"]
[EventType "tourn (corr)"]
[EventRounds "4"]
[SourceTitle "Corr 2011"]
[Source "ChessBase"]
[SourceDate "2010.08.31"]
[SourceVersion "1"]
[SourceVersionDate "2010.08.31"]
[SourceQuality "1"]
[WhiteTeam "Italy"]
[BlackTeam "Chile"]
[WhiteTeamCountry "ITA"]
[BlackTeamCountry "CHI"]

1. e4 g6 2. d4 Bg7 3. Nc3 c6 4. Nf3 d6 5. Be3 b5 6. Bd3 Nf6 7. h3 0-0 8. Qd2 Na6 9. 0-0 b4 10. Ne2 Qc7 11. Ng3 Rb8 12. e5 dxe5 13. Nxe5 c5 14. c4 bxc3 15. bxc3 Nd5 16. f4 f6 17. Nf3 Nxe3 18. Qxe3 c4 19. Bc2 Rb2 20. Rfb1 Rxc2 0-1

[Event "IECC KO-2093"]
[Site "IECC email"]
[Date "2007.08.06"]
[Round "?"]
[White "Kinna, Michael"]
[Black "Manis, Ronald"]
[Result "1-0"]
[WhiteElo "1580"]
[BlackElo "1320"]
[PlyCount "111"]
[EventDate "2007.??.??"]
[EventType "match (corr)"]
[EventRounds "2"]
[SourceTitle "Corr 2011"]
[Source "ChessBase"]
[SourceDate "2010.08.31"]
[SourceVersion "1"]
[SourceVersionDate "2010.08.31"]
[SourceQuality "1"]
[WhiteTeam "US of America"]
[BlackTeam "South Africa"]
[WhiteTeamCountry "USA"]
[BlackTeamCountry "RSA"]

1. d4 g6 2. e4 Bg7 3. Nc3 c6 4. f4 d5 5. e5 h5 6. Nf3 h4 7. Bd3 h3 8. g3 Nh6 9. 0-0 Bg4 10. Be2 Na6 11. Ng5 Bxe2 12. Qxe2 Qc8 13. Nd1 f6 14. exf6 Bxf6 15. c3 Qg4 16. Qxg4 Nxg4 17. Ne3 Nxe3 18. Bxe3 Bxg5 19. fxg5 Nc7 20. Rae1 Rh7 21. Rf4 0-0-0 22. Rh4 Rdh8 23. Rh6 Rxh6 24. gxh6 Ne6 25. Bd2 Kd7 26. Kf2 g5 27. Re5 Rxh6 28. Bxg5 Nxg5 29. Rxg5 Rf6+ 30. Ke2 Re6+ 31. Kd2 Rf6 32. Ke2 Re6+ 33. Kd1 Rf6 34. Ke1 Re6+ 35. Kf2 Rf6+ 36. Ke3 a5 37. Rh5 Rf1 38. Rxh3 Rb1 39. b3 Rb2 40. g4 Rxa2 41. g5 Rg2 42. Kf4 Rf2+ 43. Ke5 Rg2 44. Kf5 b5 45. Kg6 Rb2 46. Kh7 a4 47. bxa4 bxa4 48. g6 a3 49. g7 a2 50. g8Q a1Q 51. Qg4+ Kc7 52. Qf4+ Kd7 53. Qf5+ Kd8 54. Rh6 Qc1 55. Rxc6 Rxh2+ 56. Kg7 1-0

[Event "IECC CL6-2007.09 email"]
[Site "IECC email"]
[Date "2007.08.06"]
[Round "?"]
[White "Manis, Ronald"]
[Black "Newth, David"]
[Result "1-0"]
[WhiteElo "1280"]
[BlackElo "1343"]
[PlyCount "45"]
[EventDate "2007.??.??"]
[EventType "tourn (corr)"]
[EventRounds "4"]
[SourceTitle "Corr 2011"]
[Source "ChessBase"]
[SourceDate "2010.08.31"]
[SourceVersion "1"]
[SourceVersionDate "2010.08.31"]
[SourceQuality "1"]
[WhiteTeam "Italy"]
[BlackTeam "Chile"]
[WhiteTeamCountry "ITA"]
[BlackTeamCountry "CHI"]

1. g3 d5 2. Bg2 e5 3. c3 c6 4. d3 Nf6 5. Nd2 Bd6 6. Nh3 0-0 7. 0-0 Bg4 8. f3 Qb6+ 9. Kh1 Be6 10. e4 Na6 11. f4 Bg4 12. Qc2 Rad8 13. d4 exd4 14. e5 dxc3 15. bxc3 Be2 16. Re1 Nb4 17. cxb4 Qd4 18. Rxe2 Qxa1 19. Nb3 Bxe5 20. fxe5 Qxc1+ 21. Nxc1 Nd7 22. Ng5 g6 23. e6 1-0

[Event "IECC CL6-2007.08 email"]
[Site "IECC email"]
[Date "2007.07.14"]
[Round "?"]
[White "Manis, Ronald"]
[Black "Kelbl, Jiri"]
[Result "1/2-1/2"]
[WhiteElo "1365"]
[BlackElo "1355"]
[PlyCount "81"]
[EventDate "2007.??.??"]
[EventType "tourn (corr)"]
[EventRounds "4"]
[SourceTitle "Corr 2011"]
[Source "ChessBase"]
[SourceDate "2010.08.31"]
[SourceVersion "1"]
[SourceVersionDate "2010.08.31"]
[SourceQuality "1"]
[WhiteTeam "Italy"]
[BlackTeam "Chile"]
[WhiteTeamCountry "ITA"]
[BlackTeamCountry "CHI"]

1. g3 Nf6 2. Bg2 g6 3. Nf3 Bg7 4. 0-0 0-0 5. Nc3 d5 6. d4 Nbd7 7. a4 a5 8. Bf4 c6 9. e3 b6 10. Re1 Nh5 11. Bg5 h6 12. Bf4 Nxf4 13. exf4 e6 14. Ne5 Nxe5 15. fxe5 Ba6 16. Bf1 Bxf1 17. Kxf1 Re8 18. Qd3 Bf8 19. Re3 Be7 20. g4 Bb4 21. Qe2 Rb8 22. f4 Qd7 23. Rh3 Bf8 24. Qd2 Bg7 25. Re3 Bf8 26. Kg1 Bg7 27. h4 Qe7 28. h5 gxh5 29. gxh5 Qh4 30. Qh2 Qxh2+ 31. Kxh2 Kh7 32. Rg3 Rg8 33. Ne2 Bh8 34. Rxg8 Rxg8 35. Ra3 Bg7 36. Rc3 Rc8 37. f5 exf5 38. Kg3 Bf8 39. Kf4 Bb4 40. Rb3 c5 41. Kxf5 1/2-1/2

[Event "IECC CL6-2007.08 email"]
[Site "IECC email"]
[Date "2007.07.14"]
[Round "?"]
[White "Manis, Ronald"]
[Black "Westbrook, Jonathan"]
[Result "1/2-1/2"]
[WhiteElo "1265"]
[BlackElo "1207"]
[PlyCount "85"]
[EventDate "2007.??.??"]
[EventType "tourn (corr)"]
[EventRounds "4"]
[SourceTitle "Corr 2011"]
[Source "ChessBase"]
[SourceDate "2010.08.31"]
[SourceVersion "1"]
[SourceVersionDate "2010.08.31"]
[SourceQuality "1"]
[WhiteTeam "Italy"]
[BlackTeam "Chile"]
[WhiteTeamCountry "ITA"]
[BlackTeamCountry "CHI"]

1. g3 c5 2. Bg2 Nc6 3. e4 g6 4. Ne2 Bg7 5. Nbc3 e6 6. d3 Nge7 7. 0-0 d6 8. Be3 0-0 9. d4 cxd4 10. Nxd4 Nxd4 11. Bxd4 Bxd4 12. Qxd4 e5 13. Qd3 Be6 14. Rfd1 Nc8 15. a4 a6 16. a5 Qc7 17. Ra3 Rd8 18. Nd5 Bxd5 19. exd5 b6 20. axb6 Nxb6 21. Rda1 Re8 22. Rxa6 Rxa6 23. Rxa6 Ra8 24. Rxa8+ Nxa8 25. Qb5 Nb6 26. Qc6 Qxc6 27. dxc6 Kf8 28. c4 Ke7 29. Bd5 f5 30. b4 Kd8 31. b5 Kc7 32. Kg2 Nc8 33. Kf3 Ne7 34. h4 Kb6 35. g4 fxg4+ 36. Kxg4 h6 37. Bg2 Kc5 38. Be4 Kb6 39. Bd5 Kc7 40. Bf7 Kb6 41. h5 g5 42. Bd5 Kc7 43. Be4 1/2-1/2